| 000 | 02207nam0a2200385 4500 | ||
|---|---|---|---|
| 001 | RU\NLR\bibl\1696103 | ||
| 005 | 20260405213201.0 | ||
| 010 | _a978-5-9797-0005-2 | ||
| 021 |
_aRU _b2010-75634 _95029 |
||
| 035 | _a(nilc)RSL-KNO-004740744 | ||
| 035 | _a(NLR Aleph) 001687200 | ||
| 090 |
_a1138154 _c1138154 |
||
| 100 | _a20101004d2009 |||y0rusy50 ca | ||
| 101 | 1 |
_arus _ceng |
|
| 102 | _aRU | ||
| 105 | _aa ||||||||| | ||
| 200 | 1 |
_aСмерть приходила в понедельник _eавтобиография человека, ставшего жертвой преследований за отказ служить в нацистской армии _e[перевод с английского] _fХорст Шмидт _gпод ред. Ганса Гессе |
|
| 210 |
_aМосква _cОсобая книга _d2009 |
||
| 215 |
_a207 с. _cил., портр., факс. _d21 |
||
| 300 | _aЗагл. и авт. ориг.: Death always came on Mondays / Horst Schmidt | ||
| 320 | _aБиблиогр.: с. 197-200 и в подстроч. прим. | ||
| 327 | 0 | _aСодерж. также: Очерк преследований Свидетелй Иеговы при нацизме / Ганс Гессе | |
| 454 | 0 |
_12001#$aDeath always came on Mondays$fHorst Šmidt _1700#1$3RU\NLR\auth\7796219$7ba$aSchmidt$bH.$cрелигиоз. деятель, мемуарист$f1920-$gHorst$4070 _tDeath always came on Mondays _aSchmidt, Horst (религиоз. деятель, мемуарист ; 1920-) |
|
| 600 | 1 |
_aШмидт _bХ. _f1920 _gХорст _92612166 _3RU\NLR\auth\661548724 |
|
| 686 |
_aТ3(4Г)63-494,013.1 _2rubbk |
||
| 686 |
_aЭ376.240.9(4Г)-36-021.49,13 _2rubbk |
||
| 686 | _aЭ376.24-39(4Г)6-028 | ||
| 700 | 1 |
_4070 _8rus _7ca _aШмидт _bХ. _cрелигиоз. деятель, мемуарист _f1920- _gХорст _3RU\NLR\auth\7796218 _979144 |
|
| 801 | 0 |
_aRU _bРГБ _c20101004 _grcr |
|
| 801 | 1 |
_aRU _bРГБ _c20101004 |
|
| 801 | 2 |
_aRU _bNLR _c20101109 _grcr |
|
| 942 | _cBOOK | ||
| 980 | _aNB | ||